L'avenir de la Création (notice n° 2079793)
[ vue normale ]
| 000 -LEADER | |
|---|---|
| fixed length control field | 00743cam a2200157 4500500 |
| 005 - DATE AND TIME OF LATEST TRANSACTION | |
| control field | 20260405004946.0 |
| 041 ## - LANGUAGE CODE | |
| Language code of text/sound track or separate title | fre |
| 042 ## - AUTHENTICATION CODE | |
| Authentication code | dc |
| 100 10 - MAIN ENTRY--PERSONAL NAME | |
| Personal name | Theobald, Christoph |
| Relator term | author |
| 245 00 - TITLE STATEMENT | |
| Title | L'avenir de la Création |
| 260 ## - PUBLICATION, DISTRIBUTION, ETC. | |
| Date of publication, distribution, etc. | 2005.<br/> |
| 500 ## - GENERAL NOTE | |
| General note | 6 |
| 520 ## - SUMMARY, ETC. | |
| Summary, etc. | RésuméLa mission de remplir la terre et de la dominer, donnée au Sixième Jour, doit aujourd’hui être intégrée dans la perspective plus large de l’ hepta-méron – « l’œuvre » en sept jours –, laissant le repos sabbatique assainir notre manière d’être et d’habiter le monde. |
| 786 0# - DATA SOURCE ENTRY | |
| Note | Études | 403 | 7 | 2005-07-01 | p. 53-67 | 0014-1941 |
| 856 41 - ELECTRONIC LOCATION AND ACCESS | |
| Uniform Resource Identifier | <a href="https://shs.cairn.info/revue-etudes-2005-7-page-53?lang=fr&redirect-ssocas=7080">https://shs.cairn.info/revue-etudes-2005-7-page-53?lang=fr&redirect-ssocas=7080</a> |
Pas d'exemplaire disponible.




Réseaux sociaux